| 000 | 00365nam a2200145 a 4500 | ||
|---|---|---|---|
| 001 | 2462 | ||
| 003 | CDMR | ||
| 005 | 20130116135232.0 | ||
| 008 | 130130s1975||||||||||||||||||||||||||||d | ||
| 040 |
_aCDMR _bcat _cCDMR |
||
| 100 | 1 |
_aAyala Caellas, Jorge _91844 |
|
| 245 | 1 | 4 |
_aLas publicaciones de la empresa _cJorge Ayala Caellas |
| 260 |
_aBarcelona _c1975 |
||
| 942 | _cTSN | ||
| 999 |
_c2462 _d2462 |
||